[Event "March Madness?"]
[Site "SchemingMind.com"]
[Date "2017.04.19"]
[Round "-"]
[White "David Hartley"]
[Black "emvarela"]
[Result "0-1"]
[WhiteCountry "ENG"]
[BlackCountry "ARG"]
[WhiteElo "1880"]
[WhiteRD "77"]
[BlackElo "1802"]
[BlackRD "56"]
[GameID "412879"]

1. e4 e5 2. Nf3 Nc6 3. c3 d5 4. Qa4 Nf6 5. Nxe5 Bd7 6. Nxd7 Qxd7 7. exd5 Ne5 8. Qxd7+ Nexd7 9. c4 Bc5 10. Be2 O-O
11. O-O Rfe8 12. Re1 Ne4 13. Kf1 Bxf2 14. Rd1 Bb6 15. d3 Nef6 16. Bd2 Ne5 17. d4 Bxd4 18. Nc3 Bxc3 19. Bxc3 Neg4 20. Bxg4 Nxg4
21. Kg1 Ne3 22. Re1 Nxc4 23. Red1 Rad8 24. Rd4 Ne3 25. Re1 f5 26. d6 Rxd6 27. Rxd6 cxd6 28. Bd4 f4 29. Kf2 Ng4+ 30. Kf1 Nxh2+
31. Kf2 Rxe1 32. Kxe1 a6 33. Kf2 g5
0-1

[Event "March Madness?"]
[Site "SchemingMind.com"]
[Date "2017.04.19"]
[Round "-"]
[White "emvarela"]
[Black "David Hartley"]
[Result "1-0"]
[WhiteCountry "ARG"]
[BlackCountry "ENG"]
[WhiteElo "1836"]
[WhiteRD "59"]
[BlackElo "1841"]
[BlackRD "74"]
[GameID "412880"]

1. e4 e5 2. Nf3 d6 3. d4 exd4 4. Nxd4 Nf6 5. Nc3 Be7 6. Bd3 O-O 7. Be3 a6 8. Qd2 Bd7 9. O-O-O Nc6 10. Nxc6 Bxc6
11. f3 b5 12. Nd5 Nxd5 13. exd5 Bd7 14. g4 c6 15. Be4 f5 16. gxf5 Bxf5 17. Bxf5 Rxf5 18. dxc6 Rc8 19. Rhg1 Rxc6 20. Qg2 Qf8
21. f4 Rc7 22. Qe4 Rf7 23. Qd3 Rc8 24. Qd5 Kh8 25. Bd4 Bf6 26. Be3 Rd7 27. Kb1 Rcc7 28. f5 h6 29. Bd4 Bxd4 30. Rxd4 Rd8
31. h4 Rdc8 32. c3 Rc5 33. Qxd6 Qxf5+ 34. Ka1 a5 35. Rf4 Qe5 36. Rf8+ Rxf8 37. Qxf8+ Kh7 38. Rxg7+ Qxg7 39. Qxc5 Qg4 40. Qd4 Qe2
41. a4 Qe1+ 42. Ka2 Qe6+ 43. Ka3 Qe1 44. axb5
1-0

[Event "March Madness?"]
[Site "SchemingMind.com"]
[Date "2017.04.19"]
[Round "-"]
[White "David Hartley"]
[Black "Scooter"]
[Result "1-0"]
[WhiteCountry "ENG"]
[BlackCountry "USA"]
[WhiteElo "1862"]
[WhiteRD "84"]
[BlackElo "1739"]
[BlackRD "53"]
[GameID "412881"]

1. e4 c6 2. d4 d5 3. exd5 cxd5 4. c4 Nf6 5. Nc3 e6 6. Bg5 Be7 7. Nf3 O-O 8. Bd3 h6 9. Bh4 a6 10. O-O Nc6
11. a3 Re8 12. Re1 dxc4 13. Bxc4 b5 14. Ba2 Nd5 15. Bxe7 Ncxe7 16. Qc2 Bb7 17. Nxd5 Nxd5 18. Qd2 Rc8 19. Rac1 Qd6 20. Bb1 Rxc1
21. Rxc1 Rc8 22. Rxc8+ Bxc8 23. Qc2 Qc7 24. Qd2 Bb7 25. Qc2 Qxc2 26. Bxc2 Nf4 27. Bd1 Nd3 28. b3 b4 29. a4 Nc1 30. Nd2 Bd5
31. f3 Kf8 32. Nc4 Ke7 33. Kf2 Na2 34. Ke3 Nc3 35. Bc2 Nxa4 36. Na5 Nc3 37. Bd3 g5 38. Bxa6 Na2 39. Bc4 f5 40. Bxd5 exd5
41. Nb7 f4+ 42. Kd2 Nc3 43. Nc5 Nb1+ 44. Kd3 Nc3 45. Na4 Nb5 46. Nc5 Nc3 47. Na6 Na2 48. Kc2 Kd6 49. Kb2 Nc3 50. Nxb4 Nb5
51. Nc2 Kc6 52. Kc1 Nd6 53. Nb4+
1-0

[Event "March Madness?"]
[Site "SchemingMind.com"]
[Date "2017.04.19"]
[Round "-"]
[White "Scooter"]
[Black "David Hartley"]
[Result "1/2-1/2"]
[WhiteCountry "USA"]
[BlackCountry "ENG"]
[WhiteElo "1739"]
[WhiteRD "53"]
[BlackElo "1862"]
[BlackRD "84"]
[GameID "412882"]

1. d4 d5 2. Nf3 Nf6 3. Bf4 c5 4. c3 Nc6 5. e3 Qb6 6. Qb3 c4 7. Qxb6 axb6 8. Nbd2 b5 9. Be2 b4 10. cxb4 Nxb4
11. O-O e6 12. a3 Nc6 13. Rfc1 Be7 14. Ne5 O-O 15. Nxc6 bxc6 16. Bg5 Bd7 17. Bxf6 Bxf6 18. b3 cxb3 19. Nxb3 Be7 20. Nc5 Bxc5
21. Rxc5 Ra7 22. a4 Rfa8 23. a5 Kf8 24. a6 Ke7 25. Rb1 Kd6 26. Rb6 Kc7 27. Rb1 Bc8 28. Rbc1 Bxa6 29. Rxc6+ Kd7 30. Bxa6 Rxa6
31. Rc7+ Ke8 32. g3 R6a7 33. Kg2 Rxc7 34. Rxc7 g6 35. g4 Kf8 36. g5 Re8 37. Kg3 Re7 38. Rxe7 Kxe7 39. Kf4 f6 40. h4 Kf7=
41. f3 Ke7 42. e4 Kf7 43. exd5 exd5 44. Ke3 f5 45. f4 Ke6 46. Kd3 Kd6 47. Kc3 Kc6 48. Kb4 Kb6 49. Ka4 Ka6 50. Kb4=
1/2-1/2

[Event "March Madness?"]
[Site "SchemingMind.com"]
[Date "2017.04.19"]
[Round "-"]
[White "David Hartley"]
[Black "buddhastalin"]
[Result "1-0"]
[WhiteCountry "ENG"]
[BlackCountry "USA"]
[WhiteElo "1880"]
[WhiteRD "77"]
[BlackElo "1597"]
[BlackRD "77"]
[GameID "412883"]

1. e4 c5 2. Nf3 e6 3. d4 cxd4 4. Nxd4 a6 5. Bd3 Qc7 6. O-O Nc6 7. Nxc6 bxc6 8. Nd2 d5 9. Re1 Bd6 10. h3 Nf6
11. Nf3 e5 12. Nd2 O-O 13. c4 Bb7 14. cxd5 cxd5 15. exd5 Nxd5 16. Nf3 Nb4 17. Bb1 Rac8 18. a3 Nc2 19. Bxc2 Qxc2 20. Qxd6
1-0

[Event "March Madness?"]
[Site "SchemingMind.com"]
[Date "2017.04.19"]
[Round "-"]
[White "buddhastalin"]
[Black "David Hartley"]
[Result "0-1"]
[WhiteCountry "USA"]
[BlackCountry "ENG"]
[WhiteElo "1597"]
[WhiteRD "77"]
[BlackElo "1880"]
[BlackRD "77"]
[GameID "412884"]

1. d4 d5 2. Nf3 Nf6 3. Bg5 e6 4. e3 Be7 5. Bd3 Nbd7 6. c4 O-O 7. Nc3 dxc4 8. Bxc4 a6 9. O-O b5 10. Bd3 c5
11. Qe2 c4 12. Bc2 Bb7 13. e4 Re8 14. Rfe1 Kh8 15. Bxf6 Nxf6 16. e5 Nd5 17. Nxd5 Bxd5 18. Be4 Rc8 19. Rac1 Rc7 20. Rc2 Rd7
21. Rec1 f6 22. Qe3 Qa8 23. Bxd5 Qxd5
0-1

[Event "March Madness?"]
[Site "SchemingMind.com"]
[Date "2017.04.19"]
[Round "-"]
[White "David Hartley"]
[Black "kenneth m day"]
[Result "1-0"]
[WhiteCountry "ENG"]
[BlackCountry "USA"]
[WhiteElo "1880"]
[WhiteRD "77"]
[BlackElo "1699"]
[BlackRD "57"]
[GameID "412885"]

1. e4 e5 2. Nf3 Nc6 3. Bb5 f5 4. Nc3 fxe4 5. Nxe4 Nf6 6. Qe2 d6 7. d4 Bd7 8. Bg5 Be7 9. Rd1 Nxe4 10. Bxe7 Qxe7
11. Qxe4 O-O 12. dxe5 Rae8 13. O-O dxe5 14. Rfe1 Rf4 15. Qd3 Rf7 16. Qe3 a6 17. Ba4 Kh8 18. Bxc6 Bxc6 19. Nxe5 Rff8 20. Nxc6 Qxe3
21. Rxe3 bxc6 22. Rxe8 Rxe8 23. Kf1 g6 24. Rd7 Re6 25. Rd8+ Kg7 26. Ra8 c5 27. Rc8 Rc6 28. a4 c4 29. Re8 Kh6 30. c3 Rb6
31. Re2 Rd6 32. Ke1 Kg5 33. Re7 Rb6 34. Rxh7 Rxb2 35. Rxc7 Rb1+ 36. Ke2 Rb2+ 37. Kf3 Kf5 38. Rxc4 g5 39. Rc5+ Kg6 40. Rc6+ Kf5
41. Rxa6 Rc2 42. Ra5+ Kg6 43. Rc5
1-0

[Event "March Madness?"]
[Site "SchemingMind.com"]
[Date "2017.04.19"]
[Round "-"]
[White "kenneth m day"]
[Black "David Hartley"]
[Result "0-1"]
[WhiteCountry "USA"]
[BlackCountry "ENG"]
[WhiteElo "1714"]
[WhiteRD "60"]
[BlackElo "1841"]
[BlackRD "74"]
[GameID "412886"]

1. e4 e5 2. Nf3 Nc6 3. c3 Nf6 4. d4 Nxe4 5. Bd3 d5 6. Nxe5 Bd6 7. Nxc6 bxc6 8. O-O O-O 9. Nd2 Nxd2 10. Bxd2 c5
11. Qh5 g6 12. Qh6 cxd4 13. Rae1 Re8 14. Rxe8+ Qxe8 15. Re1 Be6 16. Bg5 Bf8 17. Qh4 dxc3 18. bxc3 Qd7 19. Bf6 Bg7 20. Qd4 Bxf6
21. Qxf6 Re8 22. h4 Qe7 23. Qf4 c6 24. Qh6 Qa3 25. Qd2 Qe7 26. g3 Rd8 27. Bf1 Qd7 28. Be2 Rb8 29. h5 c5 30. hxg6 fxg6
31. Qe3 c4 32. Bf3 Re8 33. Bg4 Kf7 34. Bxe6+ Rxe6 35. Qd2 Rxe1+ 36. Qxe1 d4 37. cxd4 Qxd4 38. Qa5 Kf6 39. Qa4 Qc5 40. Qc2 c3
41. Kg2 Qd4 42. a4 Ke5 43. f4+ Kd6 44. Kf3 Kc5 45. Qb3 Qd3+ 46. Kg4 Qc4 47. Qc2 Kb4 48. Qb1+ Qb3 49. Qe4+ Ka3 50. Qe7+ Kb2
51. Qe2+ c2 52. Qe5+ Kb1 53. Qe4 Qb2 54. Qd3 Ka1
0-1

[Event "March Madness?"]
[Site "SchemingMind.com"]
[Date "2017.04.19"]
[Round "-"]
[White "David Hartley"]
[Black "Iucounu"]
[Result "1-0"]
[WhiteCountry "ENG"]
[BlackCountry "ENG"]
[WhiteElo "1880"]
[WhiteRD "77"]
[BlackElo "1597"]
[BlackRD "57"]
[GameID "412887"]

1. e4 Nf6 2. e5 Nd5 3. d4 d6 4. Nf3 Bg4 5. Be2 e6 6. O-O Be7 7. c4 Nb6 8. Nc3 O-O 9. Be3 d5 10. c5 Nc4
11. Bc1 a6 12. b3 Na5 13. Bd2 Nac6 14. Be3 Nd7 15. Qd2 h6 16. Ne1 Bxe2 17. Qxe2 Bg5 18. f4 Bh4 19. Nf3 Be7 20. Nd2 b5
21. Nf3 f5 22. Nd1 Qb8 23. a3 a5 24. Nf2 b4 25. a4 Qa7 26. Rac1 Qa6 27. Qe1 Kf7 28. Rd1 g6 29. Nh1 Rg8 30. Bf2 Rh8
31. Rd2 Rag8 32. Qe3 g5 33. fxg5 Bxg5 34. Nxg5+ hxg5 35. Qd3 Qxd3 36. Rxd3 g4 37. Be3 Rh5 38. Bf4 Rgh8 39. Nf2 Nf8 40. Bg3 Ng6
41. Nxg4 Ke7 42. Nf6 R5h6 43. h3 Nb8 44. Rdf3 Nd7 45. Nxd7 Kxd7 46. Kh2 c6 47. Kg1 Rf8 48. R1f2 Nh4 49. Bxh4 Rxh4 50. Rf4 Rfh8
51. Kh2 Ke7 52. R2f3 Rxf4 53. Rxf4 Kf7 54. g4 Kg6 55. gxf5+ exf5 56. Kg3 Rh5 57. h4 Rh6 58. Rf2 Rh5 59. Rh2 Kf7 60. Kh3 Ke6
61. Rg2
1-0

[Event "March Madness?"]
[Site "SchemingMind.com"]
[Date "2017.04.19"]
[Round "-"]
[White "Iucounu"]
[Black "David Hartley"]
[Result "0-1"]
[WhiteCountry "ENG"]
[BlackCountry "ENG"]
[WhiteElo "1602"]
[WhiteRD "57"]
[BlackElo "1862"]
[BlackRD "84"]
[GameID "412888"]

1. e4 e5 2. Nf3 Nc6 3. Bb5 a6 4. Ba4 Nf6 5. O-O Be7 6. Re1 b5 7. Bb3 d6 8. c3 O-O 9. h3 Nb8 10. d3 Nbd7
11. Nbd2 Bb7 12. Nf1 Nc5 13. Bc2 Re8 14. Ng3 Bf8 15. d4 exd4 16. cxd4 Ncd7 17. d5 c6 18. dxc6 Bxc6 19. Nd4 Bb7 20. f3 d5
21. exd5 Nxd5 22. Rxe8 Qxe8 23. Be4 N7f6 24. Bd3 Bc5 25. Be4 Rd8 26. Ne2 Qe5 27. Be3 Nxe3
0-1

[Event "March Madness?"]
[Site "SchemingMind.com"]
[Date "2017.04.19"]
[Round "-"]
[White "David Hartley"]
[Black "Wojtek26"]
[Result "1-0"]
[WhiteCountry "ENG"]
[BlackCountry "POL"]
[WhiteElo "1851"]
[WhiteRD "83"]
[BlackElo "1567"]
[BlackRD "50"]
[GameID "412889"]

1. e4 e5 2. Nf3 Nc6 3. Bb5 Nge7 4. O-O g6 5. c3 Bg7 6. d4 a6 7. Ba4 b5 8. Bb3 O-O 9. dxe5 Nxe5 10. Nxe5 Bxe5
11. f4 Bd6 12. Be3 Nc6 13. Nd2 Bb7 14. f5 Kh8 15. Bh6 Re8 16. Qg4 Qe7 17. fxg6 fxg6 18. Rf7
1-0

[Event "March Madness?"]
[Site "SchemingMind.com"]
[Date "2017.04.19"]
[Round "-"]
[White "Wojtek26"]
[Black "David Hartley"]
[Result "0-1"]
[WhiteCountry "POL"]
[BlackCountry "ENG"]
[WhiteElo "1608"]
[WhiteRD "51"]
[BlackElo "1880"]
[BlackRD "77"]
[GameID "412890"]

1. e4 e5 2. Nf3 Nc6 3. Bb5 a6 4. Ba4 Nf6 5. Nc3 b5 6. Bb3 Be7 7. O-O O-O 8. d3 d6 9. Nd5 Na5 10. c4 Nxd5
11. cxd5 Nxb3 12. axb3 Bb7 13. Bd2 f5 14. Qc1 Bc8 15. h3 fxe4 16. dxe4 Bd7 17. Ba5 Rc8 18. Qe3 Qe8 19. Rfc1 c6 20. dxc6 Rxc6
21. Rxc6 Bxc6 22. Rc1 Qa8 23. Qb6 Bxe4 24. Qe3 Bxf3 25. gxf3 Qxf3 26. Qxf3 Rxf3 27. Kg2 Rf6 28. Rc6 d5 29. Rc8+ Kf7 30. Rc7 Re6
31. Bb4 Kf6 32. Bxe7+ Rxe7 33. Rc6+ Re6 34. Rc8 Kf5 35. Rc7 Kg6 36. Rd7 d4 37. f4 exf4 38. Rxd4 Kf5 39. Kf2 Re3 40. Rd5+ Ke4
41. Rd7 Rxh3 42. Rxg7 Rxb3 43. Re7+ Kd3 44. Rxh7 Rxb2+ 45. Kf1 Ke3 46. Re7+ Kf3
0-1